ITA-Duques de Milán - Estadísticas

Estadísticas generales
  • Esta prueba ha sido intentada 8 veces
  • La puntuación promedio es 18 de 27
Estadísticas de respuestas
Período Nombre del Duque % Correcto
1665-1700 Carlos I
100%
1714-1740 Carlos II
100%
1494-1499 Ludovico
100%
1500 Ludovico
100%
1540-1598 Felipe I
83%
1598-1621 Felipe II
83%
1621-1665 Felipe III
83%
1700-1714 Felipe IV
83%
1450-1466 Francesco I
83%
1521-1535 Francesco II
83%
1815-1835 Francisco I
83%
1515-1521 Francisco I de Francia
83%
1792-1796 Francisco III
83%
1780-1790 José I
83%
1835-1848 Fernando I
67%
1848-1866 Francisco José I
67%
1805-1814 Napoleón I
67%
1790-1792 Leopoldo I
50%
1499-1500 Luis XII de Francia
50%
1500-1512 Luis XII de Francia
50%
1740-1780 María Teresa
50%
1395-1402 Gian Galeazzo I
33%
1476-1494 Gian Galeazzo II
33%
1512-1515 Maximiliano
33%
1412-1447 Filippo María
17%
1466-1476 Galeazzo María
17%
1402-1412 Giovanni María
0%
No se encontraron pruebas coincidentes
Distribución de puntuación
Porcentaje de gente con cada puntuación
Porcentaje por número respondido
Historial de tus puntuaciones
No has intentado esta prueba.